Kraje w których odbywają lub odbyły się rajdy WRC - Statystyki

Ogólne statystyki
  • Ten quiz został rozwiązany 503 razy
    18 od ostatniego zresetowania
  • Średni wynik to 61 z 80
Statystyki odpowiedzi
Nazwa Kraju % Poprawnych
Francja
100%
Niemcy
100%
Polska
100%
Portugalia
100%
Rajd Polski
100%
Rally de Portugal
100%
Rallye Deutschland
100%
Rally Sweden
100%
Szwecja
100%
Tour de Corse/Rallye de France Alsace
100%
Wales Rally GB
100%
Wielka Brytania
100%
Argentyna
94%
Finlandia
94%
Hiszpania
94%
Rally Argentina
94%
Rally de España
94%
Rally Finland
94%
Australia
88%
Austria
88%
Chorwacja
88%
Croatia Rally
88%
Kenia
88%
Norwegia
88%
Österreichische Alpenfahrt
88%
Rally Australia
88%
Rally Norway
88%
Safari Rally
88%
Brazylia
82%
Central European Rally
82%
Chile
82%
Chiny
82%
Czechy
82%
Irlandia
82%
Japonia
82%
Meksyk
82%
Press-on-Regardless Rally/Olympus Rally
82%
Rally Chile
82%
Rally China
82%
Rallye do Brasil
82%
Rally Ireland
82%
Rally Japan
82%
Rally Mexico
82%
Stany Zjednoczone
82%
Belgia
76%
Monako
76%
Monte Carlo Rally
76%
Nowa Zelandia
76%
Rally New Zealand
76%
Rally of Turkey
76%
Turcja
76%
Ypres Rally
76%
Estonia
71%
Łotwa
71%
Rallye Sanremo/Rally d'Italia Sardegna
71%
Rally Estonia
71%
Rally Latvia
71%
Włochy
71%
Acropolis Rally
65%
Arabia Saudyjska
65%
Grecja
65%
Kanada
65%
Rally of the Rideau Lakes/Critérium du Québec
65%
Rally Saudi Arabia
65%
Cypr
59%
Cyprus Rally
59%
Indonezja
59%
Rally Indonesia
59%
Maroko
53%
Paragwaj
53%
Rally del Paraguay
53%
Rallye du Maroc
53%
Bułgaria
47%
Rally Bulgaria
47%
Jordania
35%
Jordan Rally
35%
Rallye Côte d'Ivoire
35%
Wybrzeże Kości Słoniowej
35%
Tanzania
18%
Uganda
12%
Nie znaleziono quizów pasujących do podanych kryteriów
Rozkład punktacji
Procent ludzi z każdym wynikiem
Percentyl według liczby udzielonych odpowiedzi
Twoja historia wyników
Nie rozwiązałeś tego quizu od ostatniego zresetowania